Normal view
MARC view
Entry Personal Name
001 - CONTROL NUMBER
- control field: 84988
003 - CONTROL NUMBER IDENTIFIER
- control field: dpl
005 - DATE AND TIME OF LATEST TRANSACTION
- control field: 20250910152038.0
008 - FIXED-LENGTH DATA ELEMENTS
- fixed length control field: 250910|| aca||aabn | a|a d
040 ## - CATALOGING SOURCE
- Original cataloging agency: dpl
- Transcribing agency: dpl
100 ## - HEADING--PERSONAL NAME
- Personal name: गौड़, वैद प्रकाश
670 ## - SOURCE DATA FOUND
- Source citation: Work cat.: (dpl)199613: गौड़, वैद प्रकाश , राजभाषा दिग्दर्शन /, 2022
